00333nam a2200121Ia 4500008004100000100003400041245005500075260003700130300000800167650001200175942000700187999001700194190216s9999||||xx |||||||||||||| ||und|| a"Sisodia M L,Raghuvamshi G S" 0aBasic Micro Waves Techniques And Laboratory Manual bNew Age International Publishers a209 aPhysics cBK c34179d34179